Semblanza biográfica, Santiago Masarnau Fernández, seglar (Record no. 14728)

MARC details
000 -LEADER
campo de control de longitud fija 00847nam a2200217 i 4500
001 - NÚMERO DE CONTROL
campo de control 14728
003 - IDENTIFICADOR DE NÚMERO DE CONTROL
campo de control ES-MaACL
005 - FECHA Y HORA DE LA ÚLTIMA TRANSACCIÓN
campo de control 20230906150855.0
007 - CAMPO FIJO DE DESCRIPCIÓN FÍSICA--INFORMACIÓN GENERAL
campo de control de longitud fija t|
008 - DATOS DE LONGITUD FIJA--INFORMACIÓN GENERAL
campo de control de longitud fija 990528s1998 sp ||||1| spa d
080 ## - NÚMERO DE LA CLASIFICACIÓN DECIMAL UNIVERSAL
Número de la Clasificación Decimal Universal 929 Masarnau, Santiago
080 ## - NÚMERO DE LA CLASIFICACIÓN DECIMAL UNIVERSAL
Número de la Clasificación Decimal Universal 267.25
100 1# - ENTRADA PRINCIPAL--NOMBRE DE PERSONA
Nombre de persona Flores Auñón, Juan Carlos.
9 (RLIN) 51272
245 10 - MENCIÓN DEL TÍTULO
Título Semblanza biográfica, Santiago Masarnau Fernández, seglar
Resto del título : fundador y primer presidente de la Sociedad de San Vicente de Paúl en España (1805-1882) /
Mención de responsabilidad, etc. Juan Carlos Flores Auñón.
260 ## - PUBLICACIÓN, DISTRIBUCIÓN, ETC.
Lugar de publicación, distribución, etc. Madrid :
Nombre del editor, distribuidor, etc. Ozanam, Organo de las Conferencias de San Vicente de Paúl en España,
Fecha de publicación, distribución, etc. 1998.
300 ## - DESCRIPCIÓN FÍSICA
Extensión 100 p. :
Otras características físicas il. ;
Dimensiones 24 cm.
600 14 - PUNTO DE ACCESO ADICIONAL DE MATERIA--NOMBRE DE PERSONA
Nombre de persona Masarnau, Santiago,
Fechas asociadas al nombre 1805-1882
9 (RLIN) 78669
610 27 - PUNTO DE ACCESO ADICIONAL DE MATERIA--NOMBRE DE ENTIDAD CORPORATIVA
Nombre de entidad corporativa o nombre de jurisdicción como elemento de entrada Sociedad de San Vicente de Paúl.
9 (RLIN) 6693
852 ## - LOCALIZACIÓN
Ubicación ES-MaACL
Número de control de estantería L-21921
Sublocalización o colección R.127240
Holdings
Estatus retirado Estado de pérdida Estado de daño No para préstamo Biblioteca de origen Biblioteca actual Ubicación en estantería Fecha de adquisición Fuente de adquisición Total de préstamos Signatura topográfica completa Código de barras Visto por última vez Precio de reemplazo Tipo de ítem Koha
        Biblioteca del Ateneo de Madrid Biblioteca del Ateneo de Madrid Depósito 2 17/01/2008     L-21921 1014977 23/02/2023 23/02/2023 Libro impreso